书目信息 |
| 题名: |
线性代数
|
|
| 作者: | 唐明 , 王定江 , 冯鸣 , 李川生 编著 | |
| 分册: | ||
| 出版信息: | 杭州 浙江大学出版社 2004.08 |
|
| 页数: | 220页 | |
| 开本: | 23cm | |
| 丛书名: | ||
| 单 册: | ||
| 中图分类: | O151.2 | |
| 科图分类: | ||
| 主题词: | 线性代数--高等教育--教材 | |
| 电子资源: | ||
| ISBN: | 7-308-03830-0 | |
| 000 | 00943nam0 2200289 450 | |
| 001 | 010236941437 | |
| 005 | 20051014155926.20 | |
| 010 | @a7-308-03830-0@dCNY21.80 | |
| 100 | @a20050910d2004 km y0chiy0120 ea | |
| 101 | 0 | @achi |
| 102 | @aCN@b330000 | |
| 105 | @ay z 000yy | |
| 200 | 1 | @a线性代数@Axian xing dai shu@f唐明 … [等] 编著@Ftang ming…[deng]bian zhu |
| 210 | @a杭州@c浙江大学出版社@d2004.08 | |
| 215 | @a220页@d23cm | |
| 304 | @a著者唐明, 王定江, 冯鸣, 李川生。 | |
| 312 | @a英文题名取自封面。 | |
| 330 | @a本书是新世纪的教改试用教材,对行列式、矩阵、向量空间、特征值问题与矩阵变换进行系统讲述,并提供同步练习。 | |
| 510 | 1 | @aLinear Algebra@zeng |
| 606 | 0 | @a线性代数@x高等教育@j教材 |
| 690 | @aO151.2@v4 | |
| 701 | 0 | @a唐明@Atang ming@4编著 |
| 701 | 0 | @a王定江@Awang ding jiang |
| 701 | 0 | @a冯鸣@Afeng ming |
| 701 | 0 | @a李川生@Ali chuan sheng |
| 801 | 0 | @aCN@bQSSK@c20051014 |
| 905 | @a10447@dO151.2@eT252 | |
| 线性代数/唐明 … [等] 编著.-杭州:浙江大学出版社,2004.08 |
| 220页;23cm |
| ISBN 7-308-03830-0:CNY21.80 |
| 本书是新世纪的教改试用教材,对行列式、矩阵、向量空间、特征值问题与矩阵变换进行系统讲述,并提供同步练习。 |
| ● |
| 相关链接 |
|
|
|
正题名:线性代数
索取号:O151.2/T252
 
预约/预借
| 序号 | 登录号 | 条形码 | 馆藏地/架位号 | 状态 | 备注 |
| 1 | 568243 | 205682439 | 自科库401/401自科库 41排6列5层/ [索取号:O151.2/T252] | 在馆 | |
| 2 | 568244 | 205682448 | 自科库401/401自科库 41排6列5层/ [索取号:O151.2/T252] | 在馆 | |
| 3 | 568245 | 205682457 | 自科库401/401自科库 41排6列5层/ [索取号:O151.2/T252] | 在馆 |